• 首页
  • 本馆介绍
  • 公告通知
  • 最新文献
  • 馆藏检索
  • 电子资源
  • 读者导购
  • 参考咨询
  • 我的图书馆
  • 登录
  • 详细信息显示
  • 放入我的书架
  • 预约/预借图书
  • 作者相关作品
  • 分类相关作品
  • 丛书相关作品
  • 出版社相关作品

书目信息

  • 表格格式
  • 工作单格式
  • 卡片格式
题名:
集成电路设计原理
    
 
作者: ;复旦大学微电子教研组 编
分册:  
出版信息: 北京   高等教育出版社  1983
页数: 607页
开本: 25cm
丛书名:
单 册:
中图分类: TN431.1
科图分类:
主题词: 模拟集成电路--设计
电子资源:
ISBN:
000 00718nam0 2200241 45
001 0183000580
005 20040913093709.3
010    @dCNY4.80
091    @a15010.0505
100    @a19950428d1983 em y0chiy0121 ea
101 0  @achi
102    @aCN@b110000
105    @ay z 000yy
106    @ar
200 10 @a集成电路设计原理@Aji cheng dian lu she ji yuan li@e模拟集成电路@f复旦大学微电子教研组编
210    @a北京@c高等教育出版社@d1983@h1984印
215    @a607页@d25cm
606    @a模拟集成电路@x设计
690    @aTN431.1@v3 
711 02 @a复旦大学微电子教研组@Afu dan da xue wei dian zi jiao yan zu@4编
801  0 @aCN@b上海图书馆@c20040913
801  2 @aCN@bNLC@c20040913
905    @f1@b126306@dTN431.1@e36
    
    集成电路设计原理:模拟集成电路/复旦大学微电子教研组编.-北京:高等教育出版社,1983(1984印)
    607页;25cm
    
    
    ISBN :CNY4.80
    
●
相关链接 在E读中查询图书 在五车中查询图书 在当当中查询图书 在豆瓣中查询图书


正题名:集成电路设计原理     索取号:TN431.1/36         预约/预借

序号 登录号 条形码 馆藏地/架位号 状态 备注
1 0126306   001352878   第三借阅区/ [索取号:TN431.1/36] 在馆    
2 0126307   202106416   第二样本阅览室/ [索取号:TN431.1/36] 在馆    
唐山师范学院图书馆 欢迎您!
大连网信软件有限公司© 版权所有